| 000 | 01222nam a22002777a 4500 | ||
|---|---|---|---|
| 005 | 20240530110405.0 | ||
| 008 | 150201s2011 ua g b 000 0 ara d | ||
| 017 |
_a2010/20803 _bمصر . دار الكتب المصرية |
||
| 020 | _a9789774381921 | ||
| 040 | _aEG-CaGPL | ||
| 041 | 0 | _aara | |
| 082 | 0 | 4 |
_221 _a371.2\ _bم إ |
| 100 | 0 | _aماجد عبدالله الحسن | |
| 245 | 1 | 2 |
_aالادارة الالكترونية و تجويد العمل الادارى المدرسى : _bضرورة ملحة فى ظل الثورة العلمية التكنولوجية / _cاعداد ماجد عبدالله الحسن ؛ تقديم سامى محمد نصار |
| 300 |
_a275 ص ؛ _c24 سم |
||
| 504 | _aببليوجرافية : ص 241 - 260 | ||
| 650 | 0 | 4 | _aالمدارس |
| 650 | 0 | 4 |
_aالمدارس _xتنظيم وادارة _xضبط الجودة |
| 650 | 0 | 4 |
_aالتعليم _xضبط الجودة |
| 650 | 0 | 4 |
_aالتعليم الثانوى _zالسعودية |
| 650 | 0 | 4 |
_aالمدارس _xالادارة الالكترونية |
| 650 | 0 | 4 |
_aالمدارس _xتنظيم وادارة |
| 700 | 0 |
_aسامى محمد نصار _eمقدم |
|
| 942 |
_2ddc _cBK |
||
| 999 |
_c60340 _d60340 |
||